Top 10 Najpopularniejszych języków świata - Statystyki

Ogólne statystyki
  • Ten quiz został rozwiązany 43 razy
  • Średni wynik to 7 z 10
Statystyki odpowiedzi
TOP Liczba ludzi która
się nim posługuje
Język % Poprawnych
1 1,132 Milionów Angielski
100%
2 1,117 Milionów Chiński
95%
4 534 Milionów Hiszpański
95%
5 280 Milionów Francuski
82%
8 258 Milionów Rosyjski
82%
9 234 Milionów Portugalski
74%
6 274 Milionów Arabski
67%
3 615 Milionów Hindi
46%
10 199 Milionów Indonezyjski
28%
7 265 Milionów Bengalski
23%
Nie znaleziono quizów pasujących do podanych kryteriów
Rozkład punktacji
Procent ludzi z każdym wynikiem
Percentyl według liczby udzielonych odpowiedzi
Twoja historia wyników
Nie rozwiązałeś tego quizu